000 00258nam a2200097Ia 4500
082 _a515 STEW
245 0 _aMultivariable calculus
100 _a STEWART, James London, 2009 6th ed
_976369
942 _cBK
008 210817s9999 xx 000 0 und d
999 _c253873
_d253872